000 00642nam a2200193Ia 4500
003 IN-BaIIA
008 211028s9999 xx 000 0 eng d
040 _cIIA Library
080 _a047.1:533.9
_bREV-1
245 0 _aReviews of plasma physics
_bvol. 1, translated from Russian by Herbert Lashinsky
_cedited by Mikhail Alexandrovich Leontovich
260 _aNew York
_bConsultants Bureau
_c1965
300 _axii, 326p.
650 _aAstronomy and astrophysics Thesaurus
650 _aMagnetohydrodynamics
_91666
650 _aPlasma physics
_93732
650 _aPlasmas
_91898
700 _aLeontovich, Acad. M. A., ed.
_910607
942 _cBK
999 _c6134
_d6134